01446nam a2200277 a 4500001001000000003000900010005001700019007001000036008004200046020001500088040002200103082001100125100002300136245012800159260005200287300002800339500008500367505049300452650004000945650005100985650003301036650001601069651002601085700002401111700003301135000012903DO-SdBNP20180322135634.0000012903091118s 2010 dr ac 000 0 spa d a9945400126 aBPMSUbspacBPMSU 4a373.611 aSánchez, Olimpia00aLengua III :bsegundo ciclo educación media /cOlimpia Sánchez, Juan Fco. Jáspez ; ilustraciones Ramón L. Sandoval. aSanto Domingo :bActualidad Escolar 2000,c2010 a260p. :bil. ;c29 cm. aLa Biblioteca posee la Guía metodológica del segundo ciclo educación media0 gv. 3 : segundo ciclotDe lo que pasó un mozo que se casó con una mujer fuerte bravat¿Cómo prevenir las causas que determinan una crisis económica?tDespués de todo quizás seamos hermanostLa literatura ¿para qué?tEl doctor zhivagotRD pasará sin trauma el reto del libre comerciotEl destino manifiestotAméricatLa soledad de América LatinatLos tres que echaron a Pedro en el pozotComo si siempre les preocupara algotLa República entre yerros y complicidades aGRAMÁTICAxENSEÑANZA SECUNDARIA aEDUCACIÓN SECUNDARIAxREPÚBLICA DOMINICANA aGRAMÁTICAxLIBROS DE TEXTO aGRAMÁTICA xESTUDIOS Y EJERCICIOS1 aJáspez, Juan Fco.12aSandoval, Ramón L. eil.